Prefeitos do Rio de Janeiro (1986-2026) - Statistics

Estatísticas Gerais
  • Esse quiz foi jogado 120 vezes
    24 desde o último reset
  • A pontuação média é 6 de 9
Estatísticas das Respostas
Período Prefeito % Correto
2021-2026 Eduardo Paes (DEM/PSD)
95%
2009-2017 Eduardo Paes (PMDB)
95%
2017-2021 Marcelo Crivella (PRB)
95%
1993-1997 Cesar Maia (PMDB/PFL)
86%
2001-2009 Cesar Maia (PTB/PFL)
86%
1989-1993 Marcello Alencar (PDT)
50%
1997-2001 Luiz Paulo Conde (PFL)
45%
1986-1989 Saturnino Braga (PDT/PSB)
36%
2026- Eduardo Cavaliere (PSD)
18%
Nenhum quiz correspondente encontrado
Distribuição das Pontuações
Porcentagem de Pessoas com Cada Pontuação
Percentil de Números Respondidos
Sua Pontuação Histórica
Você não jogou esse quiz desde o último reset